Alexander pope: A critical study of his major poems (Record no. 396431)

MARC details
000 -LEADER
fixed length control field 00488 a2200181 4500
005 - DATE & TIME
control field 20260423142823.0
008 - FIXED-LENGTH DATA ELEMENTS--GENERAL INFORMATION
fixed length control field 260423b |||||||| |||| 00| 0 eng d
020 ## - ISBN
International Standard Book Number 9788126915590
Price Rs. 450.00
040 ## - CATALOGING SOURCE
Original cataloging agency VIVEKANANDA LIBRARY
082 ## - DDC NUMBER
Classification number 821.5
Book Number S64A
100 ## - MAIN ENTRY--PERSONAL NAME
Personal name Sinha, M P
245 ## - TITLE STATEMENT
Title Alexander pope: A critical study of his major poems
260 ## - PUBLICATION, DISTRIBUTION, ETC. (IMPRINT)
Name of publisher, distributor, etc Atlantic Publishers
Place of publication, distribution, etc New Delhi
Date of publication, distribution, etc 2011
300 ## - PHYSICAL DESCRIPTION
Pages iv, 178
650 ## - Subject
Subject English Literature
650 ## - Subject
Subject English Poetry
942 ## - ADDED ENTRY ELEMENTS (KOHA)
Koha item type Books
Holdings
Withdrawn status Lost status Source of classification or shelving scheme Damaged status Not for loan Location (home branch) Sublocation or collection (holding branch) Shelving location Date acquired Koha issues (times borrowed) Koha full call number Accession No. Koha date last seen Koha item type
    Dewey Decimal Classification     VIVEKANANDA LIBRARY VIVEKANANDA LIBRARY Vivekananda Library 28/01/2026   821.5 S64A 444779 28/01/2026 Books
© Designed and Maintained by Vivekananda Library, MDU Rohtak